| 000 | 01310nas a2200385 4500 | ||
|---|---|---|---|
| 001 | BR2012003287 | ||
| 003 | BR-BrBNA | ||
| 005 | 20231205120534.0 | ||
| 007 | ta | ||
| 008 | 230509b bl.|||p| |||| 00| 00por d | ||
| 040 |
_aBR-BrBNA _bpor _cBiblioteca Nacional de Agricultura |
||
| 041 | _a(Pt) | ||
| 072 | _aQ04 | ||
| 100 | 1 | _aAndrade, M.A. | |
| 100 | 1 | _aCardoso, M. das G. | |
| 100 | 1 | _aBatista, L.R. | |
| 100 | 1 | _aMallet, A.C.T. | |
| 100 | 1 | _aMachado, S.M.F. | |
| 245 | 1 | _aÓleos essenciais de Cinnamomum zeylanicum, Cybopogon nardus and Zingiber officinale: composição, atividades antioxidante e antibacteriana | |
| 246 | 1 | _aEssential oils of Cinnamomum zeylanicum, Cybopogon nardus and Zingiber officinale: composition, antioxidant and antibacterial activities | |
| 650 | _aÓLEO ESSENCIAL | ||
| 650 | _aPLANTA MEDICINAL | ||
| 650 | _aCITRONELA | ||
| 650 | _aCANELA | ||
| 650 | _aCINNAMOMUM ZEYLANICUM | ||
| 650 | _aGENGIBRE | ||
| 650 | _aZINGIBER OFFICINALE | ||
| 650 | _aCOMPOSIÇÃO QUÍMICA | ||
| 650 | _aANTIOXIDANTE | ||
| 650 | _aBACTERICIDA | ||
| 650 | _aPLANTA MEDICINAL | ||
| 773 | 0 |
_tRevista Ciência Agronômica (Brazil) _xISSN 0045-6888 _g(Apr-Jun 2012), v. 43(2) p. 399-408 _wBR2012003287 |
|
| 909 |
_a202311 _bLúcia _c55 _dLúcia Elande |
||
| 942 |
_2AGRIS _n0 _cANA |
||
| 999 |
_c219016 _d219016 |
||